00541nam a22001817a 450000500170000001000120001702000220002903500170005103500110006803700140007908200070009310000240010024500520012424600390017626000670021527000570028230000200033920200528135948.0 aUR-7554 a8182233798c75.00 aB-283772-776 aU-6109 bBPPD/Pub. aک aعبد الستار aپیتل کا گھنٹہ /cعبد الستار aPital ka Ghanta /bby Abdul Sattar aدہلیbایجوکیشنل پبلشنگ ہاؤس c2008 ء a3108, Vakil Street, Kucha Pandit, Lal KuanbDelhie6 a104p.c22cm(Hb)